000 00657nam a2200265Ia 4500
005 20260324153509.0
008 008 260324s9999 xx 000 0 eng d
020 _a9780443152566
037 _aEBOOK
040 _aCRL
040 _beng
040 _cCRL
041 _2eng
041 _aeng
084 _qCRL
100 _aP Hemachandra Reddy
_91231550
245 0 _aCOVID-19 in Alzheimer's Disease and Dementia
260 _bElsevier
260 _c2023
650 _aNeuroscience and Psychology
856 _uhttps://www.sciencedirect.com/science/book/9780443152566
942 _cEBOOK
999 _c1843133
_d1843133